| 000 | 00451nam a2200169Ia 4500 | ||
|---|---|---|---|
| 008 | 230312s9999 xx 000 0 und d | ||
| 041 | _aeng | ||
| 082 |
_a620.106 _b620.106 RAJ |
||
| 100 |
_aRajput R.K. _9137180 |
||
| 245 | _aTextbook Of Fluid Mechanics And Hydraulic Machines In SI Units | ||
| 260 |
_c2008 _bS. Chand |
||
| 300 | _a1361 | ||
| 365 |
_cRs. _b500.00 |
||
| 710 |
_aRajput R.K. _9137181 |
||
| 906 | _b170 | ||
| 999 |
_c129174 _d129174 |
||